Nageurs Mondiaux par Images #1 - Statistiques

Statistiques générales
  • Ce quiz a été pris 60 fois
    6 depuis la dernière actualisation
  • Le résultat moyen est 8 sur 20
Statistiques - réponses
Par images Hint Réponse % Correct
France Alain Bernard
100%
France Laure Manaudou
100%
États Unis Michael Phelps
100%
Hongrie Kristof Milak
60%
Chine Pan Zhanle
60%
Royaume Uni Adam Peaty
40%
Russie Alexander Popov
40%
Australie Kaylee McKeown
40%
France Ugo Didier
40%
Canada Aurélie Rivard
20%
Irlande Daniel Wiffen
20%
Chine Guo Jincheng
20%
Australie Ian Thorpe
20%
Biélorussie Ilhar Boki
20%
Allemagne de l'Est Kristin Otto
20%
États Unis Regan Smith
20%
États Unis Ryan Lochte
20%
Italie Simone Barlaam
20%
Ukraine Anna Stetsenko
0%
Pays Bas Sharon Van Rouwendaal
0%
Aucun quiz correspondant
Distribution des résultats
% des personnes avec chaque résultat
Percentile par nombre de réponses
Votre historique - résultats
Vous n’avez pas pris ce quiz depuis la dernière actualisation